Sears and Zemansky's University Physics for JEE Mains ans Advance/ (Record no. 176878)

MARC details
000 -LEADER
fixed length control field 01042nam a22002657a 4500
005 - DATE AND TIME OF LATEST TRANSACTION
control field 20210201151404.0
010 ## - LCCN (DPL NO)
LC control number ENG-128887-88
020 ## - INTERNATIONAL STANDARD BOOK NUMBER
Terms of availability 750.00 (Vol. 1)
International Standard Book Number 978-93-534-3366-6
020 ## - INTERNATIONAL STANDARD BOOK NUMBER
Terms of availability 699.00 (Vol. 2)
International Standard Book Number 978-93-534-3367-3
035 ## - SYSTEM CONTROL NUMBER
System control number EN-112419 (Vol. 1)
035 ## - SYSTEM CONTROL NUMBER
System control number EN-112420 (Vol. 2)
037 ## - SOURCE OF ACQUISITION
Source of stock number/acquisition DBAD/PUB
082 ## - DEWEY DECIMAL CLASSIFICATION NUMBER
Classification number 000
100 ## - MAIN ENTRY--PERSONAL NAME
Personal name Young, Hugh D.
245 ## - TITLE STATEMENT
Title Sears and Zemansky's University Physics for JEE Mains ans Advance/
Statement of responsibility, etc Hugh D. Young and Roger A. Freedman
250 ## - EDITION STATEMENT
Edition statement 13th
260 ## - PUBLICATION, DISTRIBUTION, ETC. (IMPRINT)
Place of publication, distribution, etc Uttar Pradesh
Name of publisher, distributor, etc Perason India Education Services Pvt. Ltd.
Date of publication, distribution, etc 2021
270 ## - ADDRESS
City Uttar Pradesh
Postal code 201301
Address 15th Floor, Tower- B, World Trade Tower, Plot No- 1, Block- C, Sec- 16, Noida
Telephone number 044-66540100
Electronic mail address companysecretary.india@pearson.com
300 ## - PHYSICAL DESCRIPTION
Extent xiii+637(Vol 1) various pages (Vol 2)p.
Dimensions 25cm(pbk)
Other physical details Including Illustrations and tables.
700 ## - ADDED ENTRY--PERSONAL NAME
Personal name Freedman, Roger A.
700 ## - ADDED ENTRY--PERSONAL NAME
Personal name Ford, A. Lewis
700 ## - ADDED ENTRY--PERSONAL NAME
Personal name Jain, Nitin
700 ## - ADDED ENTRY--PERSONAL NAME
Personal name Sethia, Neel Kamal
942 ## - ADDED ENTRY ELEMENTS (KOHA)
Source of classification or shelving scheme Dewey Decimal Classification
Item type English Books
Classification part 000
Call number suffix YOU
Holdings
Withdrawn status Lost status Materials specified (bound volume or other part) Not for loan Collection code Home library Current library Date acquired Source of acquisition Cost, normal purchase price Full call number Barcode Copy number Cost, replacement price Koha item type
    Vol. 1   Non-fiction Sarojini Nagar Sarojini Nagar 01/02/2021 DBAD/PUB 750.00 000 YOU EN-112419 1 750.00 English Books
    Vol. 2   Non-fiction Sarojini Nagar Sarojini Nagar 01/02/2021 DBAD/PUB 699.00 000 YOU EN-112420 1 699.00 English Books

© Delhi Public Library
Hit Counter
free hit counter